| 000 | 00940nam a22001937a 4500 | ||
|---|---|---|---|
| 003 | OSt | ||
| 005 | 20251217085841.0 | ||
| 008 | 251217b |||||||| |||| 00| 0 eng d | ||
| 040 | _cDCL | ||
| 082 | _a၂၉၄.၃၉ | ||
| 100 | 0 | _aပိုက်ကျုံးဆရာတော်။ | |
| 245 | 0 | 0 |
_aရွှေကျင်ဂိုဏ်းအစဉ်အလာသမိုင်း / _cပိုက်ကျုံးဆရာတော်။ |
| 250 | _aတတိယအကြိမ်။ | ||
| 260 |
_a[မန္တလေး] ၊ _b[မဟာဝိသုဒ္ဓါရုံတိုက်သစ်]၊ _c၂၀၁၂။ |
||
| 300 |
_a၂၉ စာမျက်နှာ ၊ _c၁၉ စင်တီ။ |
||
| 504 | _aကျမ်းကိုးစာရင်းပါဝင်သည်။ | ||
| 650 |
_aရွှေကျင်ဂိုဏ်း _vသမိုင်း |
||
| 942 |
_2ddc _cSHORT TERM _n0 |
||
| 999 |
_c2742 _d2742 |
||